Football: Stades des Finales des Coupes du Monde - Statistiques

Statistiques générales
  • Ce quiz a été pris 73 fois
  • Le résultat moyen est 13 sur 23
Statistiques - réponses
Hint Réponse % Correct
1930 Estadio Centenario (Montevideo)
86%
1998 Stade de France (Paris - Saint-Denis)
84%
2010 Soccer City (Johannesbourg)
83%
2018 Stade Loujniki (Moscou)
83%
2014 Estádio do Maracanã (Rio de Janeiro)
81%
2022 Lusail Stadium (Lusail)
76%
2002 International Stadium Yokohama (Yokohama)
68%
1966 Wembley Stadium (Londres)
65%
2006 Olympiastadion (Berlin)
62%
2026 MetLife Stadium (East Rutherford - New York)
54%
1986 Estadio Azteca (Mexico)
51%
1982 Estadio Santiago Bernabéu (Madrid)
51%
1990 Stadio Olimpico (Rome)
48%
1958 Råsunda Stadium (Solna - Stockholm)
46%
1994 Rose Bowl (Los Angeles - Pasadena)
46%
1970 Estadio Azteca (Mexico)
44%
1978 Estadio Monumental (Buenos Aires)
44%
1938 Stade Olympique Yves-du-Manoir (Paris - Colombes)
43%
1950 Estádio do Maracanã (Rio de Janeiro)
41%
1962 Estadio Nacional (Santiago)
41%
1934 Stadio Nazionale PNF (Rome)
38%
1954 Wankdorf Stadium (Berne)
37%
1974 Olympiastadion (Munich)
33%
Aucun quiz correspondant
Distribution des résultats
% des personnes avec chaque résultat
Percentile par nombre de réponses
Votre historique - résultats
Vous n’avez pas pris ce quiz